Statika stavebných konštrukcií 3 časť 2 Všeobecná deformačná metóda

Bibliographic Details
Main Author: Valašková, Veronika, 1989- (Author)
Format: Book
Language:Slovak
PhysicalDescription:121 strán ilustrácie, tabuľky, vzorce 30 cm
Published: V Žiline Žilinská univerzita v Žiline EDIS-vydavateľské centrum ŽU 2018
ISBN:9788055414867
Edition:Vydanie prvé
Subjects:

MARC

LEADER 00000cam a2200000 c4500
001 vtls011831852
003 SK-MaSNL
005 20260301101228.0
008 210624s2018 xo al frnp 000 0 slo
015 |a SNBA2019/07 
020 |a 9788055414867  |q (brožované) 
035 |a urn:nbn:sk:snk-am00dla3 
035 |a urn:nbn:sk:snk-am3i5z9 
035 |a 472AFE62-C40A-4813-8F15-EE91FED90E10 
040 |a SNK  |b slo  |c SNK  |e rda 
041 0 |a slo 
044 |a xo  |c SK 
072 7 |a 624  |x Stavebné inžinierstvo  |2 konspekt 
080 |a 624.041  |2 2011 
080 |a 624.01/.07  |2 2011 
080 |a 539.37/.38  |2 2011 
080 |a (075.8)  |2 2011 
100 1 |a Valašková, Veronika,  |d 1989-  |4 aut  |9 261745 
245 1 0 |a Statika stavebných konštrukcií 3  |n časť 2  |p Všeobecná deformačná metóda  |c Veronika Valašková 
246 3 0 |a Všeobecná deformačná metóda 
250 |a Vydanie prvé 
264 1 |a V Žiline  |b Žilinská univerzita v Žiline  |b EDIS-vydavateľské centrum ŽU  |c 2018 
300 |a 121 strán  |b ilustrácie, tabuľky, vzorce  |c 30 cm 
336 |a text  |b txt  |2 rdacontent 
337 |a bez média  |b n  |2 rdamedia 
338 |a zväzok  |b nc  |2 rdacarrier 
366 |e 100 kusov 
504 |a Bibliografia na strane 121 
650 0 7 |a statika stavebných konštrukcií  |2 SNKPH  |9 4180 
650 0 7 |a stavebné konštrukcie  |2 SNKPH  |9 3695 
650 0 7 |a deformácie  |2 SNKPH  |9 14637 
650 0 7 |a Structural statics  |2 SNKPHeng  |9 314013 
650 0 7 |a Structures  |2 SNKPHeng  |9 267357 
650 0 7 |a Deformations (Mechanics)  |2 SNKPHeng  |9 306100 
655 7 |a učebnice vysokých škôl  |2 SNKPH  |9 70191 
655 7 |a Textbooks (higher)  |2 SNKPHeng  |9 276436 
710 2 |a Žilinská univerzita v Žiline.  |b Stavebná fakulta  |4 pbl  |9 123881 
752 |a Slovensko  |d Žilina 
919 |a 978-80-554-1486-7 
958 |a NB 
999 |c 688652  |d 690582 
952 |a SNK  |b SNK  |y PREZ  |7 0  |p 17A1374596  |o snkSB 93375/2  |i snk2019/18446  |8 0  |0 0  |1 0  |4 0  |d 2019-07-11  |f 1  |l 0  |r 2025-05-15 00:00:00  |w 2026-02-23 
952 |a SNK  |b SNK  |y VYP  |7 0  |p 17A1374597  |o snkSB 93375/2 D1  |i snk2019/18447  |8 0  |0 0  |1 0  |4 0  |d 2019-07-11  |l 0  |r 2026-02-23 20:19:31  |w 2026-02-23